[Event "37th Olympiad w"]
[Site "Turin ITA"]
[Date "2006.05.21"]
[Round "1"]
[White "Milligan,H"]
[Black "Klinova,M"]
[Result "1/2-1/2"]
[WhiteElo "2053"]
[BlackElo "2357"]

1.e4 d6 2.d4 g6 3.Nc3 Bg7 4.Nf3 Nf6 5.Be2 O-O 6.O-O a6 7.a4 Nc6 8.h3 e5 9.dxe5 dxe5
10.Bg5 Be6 11.Qxd8 Raxd8 12.Rfd1 h6 13.Be3 Rfe8 14.Rxd8 Rxd8 15.Rd1 Rxd1+
16.Bxd1 Bf8 17.Nd2 Kg7 18.f3 Nb4 19.Ne2 Nd7 20.Nc1 f5 21.c3 Nc6 22.b4 Nd8
23.Nd3 Nf7 24.Nb3 b6 25.Nd2 Nd6 26.Bc2 Kf6 27.Bf2 h5 28.Be3 Nc4 29.Nxc4 Bxc4
30.exf5 gxf5 31.Nb2 Be6 32.Bd3 a5 33.bxa5 bxa5 34.Bb5 Bc5 35.Kf2 f4 36.Bxc5 Nxc5
37.h4 e4 38.fxe4 Nxe4+ 39.Kf3 Nxc3 40.Be8 Kf5 41.Bxh5 Bd5+ 42.Kf2 Bc6 43.Nc4 Ne4+
44.Ke1 Bxa4 45.Nxa5 Nd6 46.Bf3 c5 47.Nc6 Bxc6 48.Bxc6 Kg4 49.Kd2 Kxh4 50.Kc3 Kg3
51.Kd3 Kf2 52.Kd2 Nf5 53.Kd3 Ne3 54.Kc3 Ke2 55.Bf3+ Kf2 56.Bc6 Nxg2 57.Kc4 Ne1
58.Kxc5 Ke3 59.Bh1 Kf2 60.Bc6 Ke3 61.Bh1 Nd3+ 62.Kd5 Nf2 63.Bg2 Ng4 64.Bh1 Nf6+
65.Ke5 Nh5 66.Bc6 Ng3 67.Bg2  1/2-1/2

[Event "Muresul Cup"]
[Site "Arad ROM"]
[Date "2006.05.22"]
[Round "4"]
[White "Berescu,A"]
[Black "Butunoi,A"]
[Result "0-1"]
[WhiteElo "2461"]
[BlackElo "2414"]

1.e4 g6 2.d4 Bg7 3.Nc3 d6 4.f4 a6 5.Nf3 b5 6.Bd3 Bb7 7.e5 Nh6 8.O-O O-O 9.Ne4 Nd7
10.e6 f5 11.Neg5 Nf6 12.Qe2 Bxf3 13.Rxf3 d5 14.a4 c6 15.h3 Ne4 16.Be3 Qd6
17.Qe1 Kh8 18.c3 Bf6 19.Rf1 Bg7 20.Ra2 Rfb8 21.g4 Kg8 22.Qh4 Rf8 23.gxf5 Nxg5
24.fxg5 Nxf5 25.Bxf5 Rxf5 26.Rxf5 gxf5 27.axb5 Qxe6 28.Bf4 cxb5 29.Ra1 Qg6
30.Re1 e6 31.Qf2 Re8 32.Kh2 Qh5 33.Qe3 Qf7 34.Ra1 Qb7 35.h4 b4 36.Kh3 bxc3
37.bxc3 Kf7 38.h5 Rc8 39.Rg1 Qb3 40.Rg3 Qd1 41.Rf3 Qh1+ 42.Bh2 Qb1 43.h6 Qe4
44.Bf4 Qxe3 45.Rxe3 Bf8 46.Kg2 a5 47.Re1 a4 48.g6+ hxg6 49.Rb1 g5 50.h7 Bg7
51.Bxg5 Ra8 52.Rb7+ Kg6 53.Re7 a3  0-1

[Event "37th Olympiad w"]
[Site "Turin ITA"]
[Date "2006.05.22"]
[Round "2"]
[White "Connolly,S"]
[Black "Lomibao,S"]
[Result "0-1"]
[WhiteElo "2027"]
[BlackElo "2163"]

1.e4 g6 2.d4 Bg7 3.Nc3 d6 4.Be3 Nd7 5.Qd2 a6 6.Nf3 b5 7.a4 b4 8.Nd5 c5 9.Be2 Bb7
10.Qd3 Rc8 11.Nd2 e6 12.Nf4 e5 13.dxe5 Nxe5 14.Qb3 Nf6 15.f3 O-O 16.O-O d5
17.exd5 Nxd5 18.Kh1 c4 19.Bxc4 Nxe3  0-1

[Event "Caissa IM May"]
[Site "Kecskemet HUN"]
[Date "2006.05.23"]
[Round "6"]
[White "Eisenbeiser,A"]
[Black "Eisenbeiser,K"]
[Result "1-0"]
[WhiteElo "2370"]
[BlackElo "2072"]

1.e4 g6 2.d4 Bg7 3.Nc3 d6 4.Be3 Nd7 5.Qd2 a6 6.h4 h5 7.Nh3 b5 8.O-O-O Bb7
9.f3 c6 10.Be2 Qa5 11.Ng5 Nb6 12.a3 Nc4 13.Bxc4 bxc4 14.e5 d5 15.g4 e6 16.Qe1 Bf8
17.Nb1 Qxe1 18.Rdxe1 hxg4 19.fxg4 Nh6 20.Rhg1 Rc8 21.c3 c5 22.Nd2 cxd4 23.Bxd4 Bc5
24.Ndf3 Ke7 25.Ref1 Bxd4 26.Nxd4 Rcf8 27.Rf4 Ke8 28.Rgf1 Ba8 29.Kd2 Bb7 30.Ke2 Ba8
31.Kf3 Bb7 32.Kg3 Ba8 33.R1f2 Bb7 34.Rh2 Ba8 35.Rhf2 Bb7 36.b3 cxb3 37.Rb2 a5
38.Rxb3 Ba6 39.Rb6 Bc4 40.Rb8+ Kd7 41.Rb7+ Kc8 42.Ra7 Kb8 43.Nc6+  1-0

[Event "Caissa IM May"]
[Site "Kecskemet HUN"]
[Date "2006.05.23"]
[Round "7"]
[White "Farkas,Ti"]
[Black "Eisenbeiser,A"]
[Result "0-1"]
[WhiteElo "2334"]
[BlackElo "2370"]

1.e4 g6 2.d4 Bg7 3.Nc3 d6 4.Nf3 a6 5.a4 b6 6.Bc4 e6 7.Bg5 Ne7 8.O-O h6 9.Bh4 O-O
10.Re1 Nd7 11.Qd2 Bb7 12.Rad1 g5 13.Bg3 Ng6 14.h3 Qe7 15.d5 Nde5 16.Nxe5 Nxe5
17.Bf1 Ng6 18.dxe6 fxe6 19.f3 Be5 20.Bxe5 Nxe5 21.Qe3 Rf6 22.Bd3 Qf7 23.Rf1 Kg7
24.Ne2 Rf8 25.c4 a5 26.b3 Ba6 27.Bc2 Kg8 28.Nc3 Qg6 29.Rf2 Qh5 30.Rdf1 Qe8
31.Rd1 Qc6 32.Qd4 Qc5 33.Qxc5 bxc5 34.Rfd2 R8f7 35.Rf1 Bb7 36.Bd1 h5 37.Rff2 Ng6
38.g3 e5 39.Nd5 Bxd5 40.Rxd5 g4 41.hxg4 hxg4 42.Kg2 Ne7 43.Rdd2 gxf3+ 44.Rxf3 Rxf3
45.Bxf3 Nc6 46.Bh5 Rf6 47.Bd1 Nd4 48.Rd3 Kg7 49.Re3 Kg6 50.Rd3 Kg7 51.Re3 Rf8
52.Re1 c6 53.Re3 Rd8 54.Kf2 Kf6 55.Kg2 d5 56.exd5 cxd5 57.Rc3 e4 58.Kf2 Ke5
59.cxd5 Kxd5 60.Be2 Rf8+ 61.Ke1 Rh8 62.Bc4+ Ke5 63.Kf2 Rh2+ 64.Kf1 Nf3 65.Re3 Kd4
66.Re2 Rh1+ 67.Kg2 Rg1+ 68.Kf2 Rd1 69.g4 Ne5 70.Be6 Rd3 71.Kg2 e3 72.g5 Rd2
73.Kf1 Kd3 74.Re1 Rf2+  0-1

[Event "37th Olympiad w"]
[Site "Turin ITA"]
[Date "2006.05.23"]
[Round "3"]
[White "Chaves,Joa"]
[Black "Gilbert,Je"]
[Result "1/2-1/2"]
[WhiteElo "2035"]
[BlackElo "2144"]

1.e4 g6 2.d4 Bg7 3.Nc3 d6 4.Be3 a6 5.Qd2 Nd7 6.O-O-O b5 7.h4 h5 8.Kb1 Bb7
9.f3 c5 10.Nh3 Rc8 11.Nf2 c4 12.Ne2 a5 13.g4 e6 14.Bg2 b4 15.c3 bxc3 16.Nxc3 Ne7
17.Ka1 a4 18.a3 Qa5 19.f4 hxg4  1/2-1/2

[Event "37th Olympiad w"]
[Site "Turin ITA"]
[Date "2006.05.23"]
[Round "3"]
[White "Pourkashiyan,A"]
[Black "Bosboom Lanchava,T"]
[Result "1/2-1/2"]
[WhiteElo "2311"]
[BlackElo "2380"]

1.e4 g6 2.d4 Bg7 3.Nc3 d6 4.Nf3 Nf6 5.Be2 O-O 6.O-O c6 7.a4 Nbd7 8.h3 e5
9.Be3 Qc7 10.a5 Rd8 11.Bc4 Nf8 12.d5 c5 13.Nd2 Nh5 14.Qf3 Qe7 15.g4 Nf4 16.Ne2 g5
17.Kh2 h5 18.Ng3 N8g6 19.Nxh5 Nxh5 20.gxh5 Nf4 21.Bxf4 exf4 22.c3 Be5 23.Be2 Kh7
24.Nc4 Rg8 25.Nxe5 Qxe5 26.Rg1 Bd7 27.Kh1 Rae8 28.Rae1 Kh6 29.Bd1 Qf6 30.Qg2 Qd8
31.Bg4 Re5 32.Bxd7 Qxd7 33.Qg4 Qe7 34.f3 f5 35.Qg2 Kxh5 36.Qf2 Qd7 37.Rg2 fxe4
38.fxe4 Kg6 39.Qxf4 Qxh3+ 40.Qh2 Qf3 41.Kg1 Rf8 42.Rf2 Qg4+ 43.Qg2 Qxg2+
44.Kxg2 Rh8 45.Ref1 Rh4 46.Rf6+ Kh5 47.Rxd6 Rg4+ 48.Kh2 Rexe4 49.Rf2 Re1
50.Rd8 Rgg1 51.d6 Kg4 52.Rg2+ Rxg2+ 53.Kxg2 Re2+ 54.Kf1 Rxb2 55.Ke1 Rh2 56.Re8 Rh7
57.Re7 Rh6 58.d7 Rd6 59.Rf7 Kh5 60.Ke2 Kg6 61.Re7 Kf6 62.Rh7 Ke6 63.d8=Q Rxd8
64.Rxb7 a6 65.Ke3 Kd5 66.Rg7 Re8+ 67.Kd3 c4+ 68.Kd2 Re5 69.Rg6 Kc5 70.Rxa6 Kb5
71.Ra8 Rd5+ 72.Kc2 Rf5 73.a6 Rf2+ 74.Kb1 g4 75.a7 Kb6 76.Rg8 Kxa7 77.Rxg4 Kb6
78.Rxc4 Kb5 79.Rc8 Rh2 80.Kc1 Ra2 81.Kd1 Rh2 82.c4+ Kb6 83.Kc1 Kb7 84.Rc5 Kb6
85.Rb5+ Kc6 86.Rb2 Rh4 87.Rc2 Kc5 88.Kb2 Rxc4 89.Rxc4+ Kxc4  1/2-1/2

[Event "37th Olympiad w"]
[Site "Turin ITA"]
[Date "2006.05.23"]
[Round "3"]
[White "Hallaeva,B"]
[Black "Cedikova,K"]
[Result "0-1"]
[WhiteElo "2135"]
[BlackElo "2232"]

1.e4 g6 2.d4 Bg7 3.Nc3 d6 4.f4 Nf6 5.Nf3 O-O 6.Bd3 Nc6 7.O-O e5 8.fxe5 dxe5
9.dxe5 Nxe5 10.Nxe5 Qd4+ 11.Kh1 Qxe5 12.Bf4 Qc5 13.Qd2 Be6 14.Bh6 Ng4 15.Bxg7 Kxg7
16.Qf4 Qe5 17.Nd5 Rac8 18.h3 Qxf4 19.Nxf4 Ne5 20.Nxe6+ fxe6 21.Kg1 Rfd8 22.Rad1 Rd4
23.Kf2 Rcd8 24.Be2 Rd2 25.Ke1 Rxd1+ 26.Bxd1 Nc4 27.Bg4 Rd4 28.Kf2 e5 29.Rd1 Rxd1
30.Bxd1 Nxb2 31.Be2 Na4 32.Ke3 Nc5 33.Bg4 Kf6 34.Bc8 a5 35.h4 b6 36.g4 h6
37.Kf3 g5 38.h5 Ke7 39.Ke3 Kd6 40.Bf5 Na6 41.c3 Kc5 42.Kd3 b5 43.a3 Nb8 44.Bg6 Nd7
45.Bf7 Nb6 46.Bb3 Nc8 47.Be6 Nd6 48.Bb3 b4 49.axb4+ axb4 50.c4 Nb7 51.Ba4 c6
52.Bb3 Na5 53.Ba2 b3 54.Bb1 Kb4  0-1

[Event "37th Olympiad w"]
[Site "Turin ITA"]
[Date "2006.05.23"]
[Round "3"]
[White "Arnetta,M"]
[Black "Hagesaether,E"]
[Result "1/2-1/2"]
[WhiteElo "2054"]
[BlackElo "2226"]

1.e4 d6 2.d4 g6 3.Nc3 Bg7 4.f4 a6 5.Nf3 b5 6.Be3 Nd7 7.e5 Bb7 8.Ng5 e6 9.Qd2 Nh6
10.Bd3 O-O 11.O-O-O d5 12.h4 c5 13.dxc5 b4 14.Ne2 Qa5 15.Kb1 Nxc5 16.Bxc5 Qxc5
17.h5 Rfe8 18.hxg6 hxg6 19.Rh4 Kf8 20.Rdh1 Nf5 21.Rh7 a5 22.Qe1 Ba6 23.Bxf5 Bxe2
24.Qh4 Bh5 25.Bd3 b3 26.cxb3 a4 27.Rxh5 gxh5 28.Qxh5 Re7 29.bxa4 Rb8 30.Qxf7+ Rxf7
31.Nxe6+ Ke7 32.Nxc5 Rxf4 33.Rh7 Rg4 34.Bb5 Rxg2 35.a3 Rf8 36.Nd3 Ke6 37.Nc5+ Kf5
38.Bd3+ Kxe5 39.Nd7+ Kd4 40.Nxf8 Kxd3 41.Rh3+ Ke4 42.Rh4+ Kd3 43.Rh3+ Ke4
44.Ne6 Bxb2 45.Nc5+ Kd4 46.Nb3+ Kc4 47.Na5+ Kc5 48.Rb3 Bg7 49.Rb5+ Kd6 50.Nb7+ Kc6
51.Nd8+ Kd6 52.a5 Bd4 53.a6 Rg8 54.Nb7+ Kc6 55.Rb4 Bb6 56.Rh4 Kb5 57.a7 Bxa7
58.Nd6+  1/2-1/2

[Event "I Magistral"]
[Site "Guarapari BRA"]
[Date "2006.05.24"]
[Round "3"]
[White "Bittencourt,J"]
[Black "Crosa,M"]
[Result "1/2-1/2"]
[WhiteElo "2395"]
[BlackElo "2449"]

1.e4 d6 2.d4 g6 3.Nc3 Bg7 4.Be3 Nd7 5.Qd2 a6 6.O-O-O b5 7.f3 Bb7 8.Kb1 Rc8
9.Nge2 b4 10.Na4 a5 11.b3 Ngf6 12.g4 e5 13.d5 Nb6 14.Nxb6 cxb6 15.Ng3 Qc7
16.Bb5+ Nd7 17.h4 O-O 18.h5 Nc5 19.Rc1 Qe7 20.Rcg1 Bf6 21.Rh3 Rc7 22.Rc1 Ra8
23.Ne2 Ba6 24.Bxa6 Rxa6 25.Rhh1 Rca7 26.Rcd1 Qe8 27.Nc1 Qb5 28.Qe2 Qe8 29.Qd2 Qa8
30.Rh2 Qd8 31.Rdh1 Qe8 32.Rd1 Rc7 33.Qe2 Ra8 34.Qd2 Rac8 35.Qe2 Rb7 36.Qd2 Bd8
37.Rdh1 Na6 38.Qd3 b5 39.Ne2 a4 40.Qd2 Ba5 41.Bg5 Bd8 42.Be3 Ba5 43.Bg5 Bd8  1/2-1/2

[Event "37th Olympiad w"]
[Site "Turin ITA"]
[Date "2006.05.24"]
[Round "4"]
[White "Siti,Z"]
[Black "Heinatz,G"]
[Result "1-0"]
[WhiteElo "2169"]
[BlackElo "2277"]

1.e4 g6 2.d4 Bg7 3.Nc3 d6 4.h3 a6 5.a4 Nc6 6.Be3 e5 7.dxe5 Nxe5 8.Nf3 Be6
9.Be2 Ne7 10.O-O O-O 11.Nd4 Bc4 12.f4 Bxe2 13.Qxe2 c5 14.fxe5 cxd4 15.Bxd4 dxe5
16.Bc5 Rc8 17.Qf2 Qc7 18.b4 b6 19.Bxe7 Qxe7 20.Nd5 Qb7 21.Nxb6 Rcd8 22.Nd5 f5
23.Qh4 Rf7 24.Qxd8+  1-0

[Event "37th Olympiad w"]
[Site "Turin ITA"]
[Date "2006.05.25"]
[Round "5"]
[White "Starr,N"]
[Black "Hagesaether,E"]
[Result "0-1"]
[WhiteElo "2169"]
[BlackElo "2226"]

1.e4 d6 2.d4 g6 3.Nc3 Bg7 4.Nf3 Nf6 5.h3 O-O 6.Be3 c6 7.a4 b6 8.Be2 Qc7 9.O-O e5
10.dxe5 dxe5 11.Bc4 Bb7 12.Qe2 a6 13.Bb3 c5 14.Nd5 Nxd5 15.exd5 e4 16.Nd2 Re8
17.c3 Nd7 18.f3 exf3 19.Qxf3 Ne5 20.Qg3 Qd7 21.Rad1 Bxd5 22.c4 Bb7 23.Ne4 Qc6
24.Nd6 Re6 25.Nxb7 Qxb7 26.Rd5 Nc6 27.Bc1 Nd4 28.Bd1 Rae8 29.a5 bxa5 30.Kh1 Qb4
31.Qc7 R6e7 32.Rd7 Qxc4 33.Rg1 Nb5 34.Qb7 Re1 35.Bd2 Rxg1+ 36.Kxg1 Bd4+ 37.Kh2 Qf1
38.Rxd4 Nxd4 39.Qd7 Qb5 40.Qd5 Qb8+ 41.Kh1 Qe5 42.Qc4 Ne2 43.Ba4 Qf5  0-1

[Event "37th Olympiad w"]
[Site "Turin ITA"]
[Date "2006.05.25"]
[Round "5"]
[White "Ghader Pour,S"]
[Black "Gilbert,Je"]
[Result "1/2-1/2"]
[WhiteElo "2144"]
[BlackElo "2144"]

1.e4 g6 2.d4 Bg7 3.Nc3 d6 4.g3 Nd7 5.Bg2 c5 6.Nge2 Rb8 7.a4 b6 8.O-O Ngf6
9.h3 O-O 10.Be3 a6 11.f4 cxd4 12.Nxd4 Bb7 13.Qe2 Qc7 14.Nd5 Nxd5 15.exd5 Rbc8
16.c3 Nf6 17.Nc6 e6 18.c4 exd5 19.cxd5 Nxd5 20.Bxd5 Bxc6 21.Rac1 Qd7 22.Bxc6 Rxc6
23.Rxc6 Qxc6 24.Qxa6 Ra8 25.Qxb6 Qxb6 26.Bxb6 Rxa4 27.Rd1 Rb4 28.Bf2 Bxb2  1/2-1/2

[Event "37th Olympiad w"]
[Site "Turin ITA"]
[Date "2006.05.28"]
[Round "7"]
[White "Cmilyte,V"]
[Black "Hagesaether,E"]
[Result "1-0"]
[WhiteElo "2470"]
[BlackElo "2226"]

1.e4 d6 2.d4 g6 3.Nc3 Bg7 4.g3 Nf6 5.Bg2 O-O 6.Nge2 e5 7.O-O Nc6 8.dxe5 dxe5
9.Bg5 Qxd1 10.Rfxd1 h6 11.Be3 a6 12.Nd5 Nxd5 13.exd5 Ne7 14.c4 Nf5 15.Bd2 Re8
16.c5 Bd7 17.c6 bxc6 18.dxc6 Be6 19.Ba5 e4 20.Nc3 e3 21.Bxc7 exf2+ 22.Kxf2 Rac8
23.Bb6 Rb8 24.Na4 Bxb2 25.c7 Rxb6 26.Nxb6 Bxa1 27.Rxa1 Ne7 28.Rd1 f5 29.Rd8 Kf8
30.Bb7 Bxa2 31.Bc6  1-0

[Event "37th Olympiad w"]
[Site "Turin ITA"]
[Date "2006.05.29"]
[Round "8"]
[White "Sikorova,O"]
[Black "Gilbert,Je"]
[Result "1-0"]
[WhiteElo "2276"]
[BlackElo "2144"]

1.d4 g6 2.e4 Bg7 3.Nc3 d6 4.f4 a6 5.Nf3 Nd7 6.Bd3 c5 7.Be3 cxd4 8.Nxd4 e5
9.fxe5 Nxe5 10.Qd2 Ng4 11.Bg5 Ne7 12.h3 f6 13.Bf4 Ne5 14.O-O-O N7c6 15.Be2 O-O
16.Nxc6 bxc6 17.Qxd6 Qb6 18.Bxe5 fxe5 19.Bc4+ Kh8 20.Nd5 Qb7 21.Ne7 Rb8 22.Bb3 c5
23.Nxg6+ hxg6 24.Qxg6 Bf5 25.exf5 Rf6 26.Qh5+ Bh6+ 27.Kb1 c4 28.Qh4 Rc6 29.Rd8+ Rxd8
30.Qxd8+ Kh7 31.Rd1 Bg7 32.Qh4+ Kg8 33.Bxc4+  1-0

[Event "37th Olympiad w"]
[Site "Turin ITA"]
[Date "2006.05.29"]
[Round "8"]
[White "Houska,Jo"]
[Black "Cedikova,K"]
[Result "1-0"]
[WhiteElo "2378"]
[BlackElo "2232"]

1.e4 g6 2.d4 Bg7 3.Nc3 d6 4.Be3 Nd7 5.Qd2 c6 6.Nf3 Qc7 7.a4 Ngf6 8.Bd3 Ng4
9.Bg5 h6 10.Bh4 e5 11.dxe5 dxe5 12.Bc4 Ngf6 13.Rd1 O-O 14.Qd6 Qb6 15.b3 Re8
16.O-O Bf8 17.Qd3 Kg7 18.h3 Qc7 19.Nh2 a6 20.Qf3 g5 21.Ng4 Be7 22.Bg3 Rf8
23.Ne3 Nb6 24.a5 Nxc4 25.Nxc4 g4 26.Qe3 b5 27.axb6 Qb7 28.Bxe5 c5 29.Nd5 Be6
30.Na5 Bxd5 31.Nxb7 Bxb7 32.Rd7  1-0

[Event "37th Olympiad w"]
[Site "Turin ITA"]
[Date "2006.05.29"]
[Round "8"]
[White "Ryvova,A"]
[Black "Guerrero Rodriguez,Alej"]
[Result "0-1"]
[WhiteElo "2057"]
[BlackElo "2157"]

1.e4 g6 2.d4 Bg7 3.Nc3 d6 4.f4 c6 5.Nf3 Bg4 6.Be2 Nf6 7.O-O O-O 8.Be3 Nbd7
9.h3 Bxf3 10.Bxf3 e5 11.Qd2 Qe7 12.Rad1 Rfd8 13.fxe5 dxe5 14.d5 Nb6 15.Qf2 cxd5
16.Bxb6 axb6 17.exd5 Qb4 18.Rb1 e4 19.a3 Qc4 20.Be2 Qc7 21.Rbd1 Ra5 22.d6 Qc6
23.Qf4 Rf5 24.Qd2 Rxf1+ 25.Kxf1 Bf8 26.Qd4 Rxd6 27.Qc4 Rxd1+ 28.Nxd1 Qd6
29.Nc3 Qf4+ 30.Ke1 Qg3+ 31.Kd1 Qxg2 32.Qd4 Qh1+  0-1

[Event "37th Olympiad w"]
[Site "Turin ITA"]
[Date "2006.05.30"]
[Round "9"]
[White "Marrero,Y"]
[Black "Foisor,C"]
[Result "0-1"]
[WhiteElo "2269"]
[BlackElo "2392"]

1.e4 g6 2.d4 Bg7 3.Nc3 d6 4.h3 a6 5.a4 b6 6.Nf3 e6 7.Bd3 Nd7 8.O-O Ne7 9.Be3 Bb7
10.Qd2 h6 11.Nh2 f5 12.exf5 exf5 13.Bc4 Nf6 14.Rfe1 d5 15.Bf1 g5 16.Qd3 O-O
17.Nf3 Ne4 18.Ne5 c5 19.f3 Nxc3 20.bxc3 c4 21.Qd2 f4 22.Bf2 Nf5 23.Rab1 Qc7
24.Qc1 Bc6 25.Qa3 Be8 26.Ng4 h5 27.Ne5 Rf6 28.Rb2 Rb8 29.Reb1 Re6 30.Qa2 Kh7
31.Nxc4 dxc4 32.Bxc4 Rc6 33.Bxa6 Bf7 34.Qa1 Rxc3 35.Bd3 Bg6 36.a5 Rc6 37.Rb5 Ne3
38.Rxg5 Bxd3 39.cxd3 bxa5 40.Kh2 Rxb1 41.Qxb1 Rc1 42.Rxh5+ Kg6 43.Rg5+ Kxg5
44.Qb5+ Kg6  0-1

[Event "37th Olympiad w"]
[Site "Turin ITA"]
[Date "2006.05.31"]
[Round "10"]
[White "Umudova,N"]
[Black "Gilbert,Je"]
[Result "1-0"]
[WhiteElo "2176"]
[BlackElo "2144"]

1.e4 g6 2.d4 Bg7 3.Nc3 d6 4.Nf3 a6 5.a4 b6 6.Bc4 e6 7.O-O Bb7 8.Qe2 Ne7 9.Bf4 O-O
10.Rad1 d5 11.Ba2 Nd7 12.e5 c5 13.Rfe1 Nc6 14.dxc5 bxc5 15.Qd2 Qb6 16.Bh6 Rfd8
17.Bxg7 Kxg7 18.h4 h6 19.h5 Nb4 20.hxg6 fxg6 21.Bb1 Rf8 22.Nh4 Nc6 23.Qd3 Ne7
24.Ne2 Rf7 25.c3 Nf8 26.Qg3 Kh7 27.Nf4 Rg7 28.Nh5 Rf7 29.Nf6+ Kg7 30.Rd3 d4
31.Qg4 dxc3 32.bxc3 Qb2 33.Rg3 Qd2 34.Rd1 Qg5 35.Qxg5 hxg5 36.Rxg5 Kh6 37.f4 Nd5
38.Bxg6 Nxf4 39.Bxf7 Kxg5 40.g3 Ne2+ 41.Kh2 Nxc3 42.Rc1 Nxa4 43.Rc4 Nb6 44.Rg4+ Kh6
45.Ng8+ Kh7 46.Nf6+ Kh6 47.Rg8 Nbd7 48.g4 Nxf6 49.exf6 Be4 50.g5+ Kh7 51.Rg7+ Kh8
52.g6 Nxg6 53.Bxg6 Bc6 54.Rc7 Bd5 55.Bh7 Rg8 56.Ng6+ Rxg6 57.Bxg6  1-0

[Event "37th Olympiad w"]
[Site "Turin ITA"]
[Date "2006.05.31"]
[Round "10"]
[White "Lindiawati,E"]
[Black "Castaneda,Ad"]
[Result "0-1"]
[WhiteElo "2145"]
[BlackElo "2017"]

1.e4 d6 2.d4 g6 3.Nc3 Bg7 4.Be3 e6 5.Qd2 h6 6.Bc4 Ne7 7.Nge2 b6 8.Nf4 c6
9.a4 d5 10.exd5 cxd5 11.Bb5+ Nbc6 12.g4 a6 13.Bxc6+ Nxc6 14.f3 Bb7 15.O-O O-O
16.Nce2 Na5 17.b3 Nc6 18.Rad1 Rc8 19.Nd3 Kh7 20.f4 Qc7 21.f5 exf5 22.gxf5 g5
23.f6 Bh8 24.Kh1 Rg8 25.Rf3 Rg6 26.Rdf1 Qd6 27.Ng3 Re8 28.Ne5 Nxe5 29.dxe5 Rxe5
30.Bd4 Re6 31.Nf5 Qd8 32.Ne7 Re4 33.Nxg6 Kxg6 34.Re3 Rxe3 35.Qxe3 Qd7 36.Qd3+ Kh5
37.Rf3 Bc8 38.Rf2 Qe6 39.Qe2+ Kg6 40.Qd3+ Qe4+ 41.Qxe4+ dxe4 42.c4 Bf5 43.Bxb6 Bxf6
44.b4 Be6 45.Rc2 Be5 46.b5 axb5 47.axb5 f5 48.Bf2 f4 49.c5 e3 50.Bxe3 fxe3
51.Kg2 Bf5 52.Ra2 Be4+ 53.Kf1 Bd3+ 54.Ke1 Bxb5 55.c6 Bc3+ 56.Kd1 e2+ 57.Rxe2 Bxe2+
58.Kxe2 Be5 59.h3 Kf5 60.Kf3 h5 61.Kg2 Kf4 62.Kf2 g4 63.hxg4 hxg4 64.Kg2 g3
65.Kf1 Kf3 66.c7 g2+ 67.Ke1  0-1

[Event "28th Nezhmetdinov mem"]
[Site "Kazan RUS"]
[Date "2006.06.02"]
[Round "2"]
[White "Gutenev,A"]
[Black "Mihajlovskij,S"]
[Result "1/2-1/2"]
[WhiteElo "2168"]
[BlackElo "2414"]

1.e4 g6 2.d4 Bg7 3.Nc3 d6 4.Nf3 Nf6 5.Be2 O-O 6.O-O Nbd7 7.e5 Ne8 8.Bf4 c5
9.dxc5 Nxc5 10.Qd2 Bg4 11.Rad1 Bxf3 12.Bxf3 Ne6 13.Bh6 dxe5 14.Qe3 Qb6 15.Qxb6 axb6
16.Bxg7 Kxg7 17.Rfe1 Ra5 18.Bxb7 Nd6 19.Bd5 Kf6 20.b4 Ra7 21.Bb3 Nc7 22.Nd5+ Nxd5
23.Rxd5 e4 24.g4 h6 25.c4 Rc7 26.c5 bxc5 27.bxc5 Nb7 28.Rxe4 Nxc5 29.Rf4+ Kg7
30.Rc4 Rfc8 31.Rdd4 e5 32.Rd5 Kf6 33.h4 Nxb3 34.Rxc7 Rxc7 35.axb3 Rb7 36.Rd6+ Ke7
37.Rd3 Rb4 38.Rg3 f5 39.gxf5 gxf5 40.h5 Rh4 41.Rg7+ Kf8 42.Rb7 e4 43.b4 Ke8
44.b5 Kd8 45.b6 Kc8 46.Rf7 Rxh5 47.Kg2 Rg5+ 48.Kh3 h5 49.Kh2 Kb8 50.Kh3 Kc8
51.Rc7+ Kb8  1/2-1/2

[Event "37th Olympiad w"]
[Site "Turin ITA"]
[Date "2006.06.02"]
[Round "11"]
[White "Ortiz,Na"]
[Black "Hagesaether,E"]
[Result "1-0"]
[WhiteElo "2184"]
[BlackElo "2226"]

1.e4 d6 2.d4 g6 3.Nc3 Bg7 4.f4 a6 5.Nf3 b5 6.Bd3 Nd7 7.e5 c5 8.e6 fxe6 9.Ng5 Nf8
10.dxc5 Bxc3+ 11.bxc3 Nf6 12.cxd6 exd6 13.O-O Qb6+ 14.Kh1 h6 15.Ne4 Nxe4
16.Bxe4 Rb8 17.Ba3 d5 18.Bxd5 exd5 19.Qxd5 Ne6 20.Rae1 Rf8 21.Bxf8 Kxf8 22.f5 Ng5
23.fxg6+ Kg7 24.Qe5+ Kxg6 25.Qe8+ Kg7 26.Re7+  1-0

[Event "37th Olympiad w"]
[Site "Turin ITA"]
[Date "2006.06.02"]
[Round "11"]
[White "Le Thanh Tu"]
[Black "Bosboom Lanchava,T"]
[Result "1/2-1/2"]
[WhiteElo "2239"]
[BlackElo "2380"]

1.d4 g6 2.e4 Bg7 3.Nc3 d6 4.g3 Nf6 5.Bg2 O-O 6.Nge2 c6 7.O-O e5 8.h3 a5 9.Be3 Be6
10.Qd2 a4 11.b3 b5 12.Rad1 Na6 13.f4 Qc8 14.Kh2 Ne8 15.dxe5 dxe5 16.f5 gxf5
17.exf5 Bxf5 18.Nxb5 cxb5 19.Rxf5 Qxf5 20.Bxa8 Nec7 21.Bg2 Ne6 22.Rf1 Qg6
23.Nc3 Nd4 24.Bxd4 exd4 25.Nxb5 Be5 26.Qd3 Qxd3 27.cxd3 axb3 28.axb3 Nc5
29.Rf5 f6 30.Bd5+ Kg7 31.Bc4 Rb8 32.Rf2 Nxb3 33.Bxb3 Rxb5 34.Bc4 Rb1 35.Re2 Kf8
36.Kg2 h6 37.Bd5 Ke7 38.Kf3 Kd6 39.Be4 Rg1 40.Rg2 Re1 41.Re2 Rxe2 42.Kxe2 Bxg3
43.Kf3 Bh2 44.Bf5 Ke5 45.Bc8 f5 46.Bd7 Kf6 47.Bc8 Kg5 48.Bd7 Be5  1/2-1/2

[Event "Lasker Mem A"]
[Site "Barlinek POL"]
[Date "2006.06.03"]
[Round "1"]
[White "Leniart,A"]
[Black "Tokarski,B"]
[Result "1-0"]
[WhiteElo "2333"]
[BlackElo "2004"]

1.e4 g6 2.d4 Bg7 3.Nc3 d6 4.Nf3 a6 5.Be2 Nd7 6.O-O Rb8 7.a4 c5 8.Be3 cxd4
9.Nxd4 Ngf6 10.f3 O-O 11.a5 Qc7 12.Nb3 b5 13.axb6 Nxb6 14.Bxa6 Bxa6 15.Rxa6 Nc4
16.Qc1 Rfc8 17.Ra7 Rb7 18.Rxb7 Qxb7 19.Bd4 e5 20.Bf2 Qc6 21.Na2 Qa4 22.Qb1 Bh6
23.Nc3 Qc6 24.Bh4 Be3+ 25.Kh1 g5 26.Bf2 Bxf2 27.Rxf2 Nxb2 28.Qxb2 Qxc3 29.Qxc3 Rxc3
30.Rd2 Ne8 31.Kg1 Kf8 32.Kf2 Ke7 33.Nc1 Ng7 34.Ne2 Rc6 35.c3 Ke6 36.Ra2 Rc8
37.Ra7 Ne8 38.Ke3 Nc7 39.c4 Na8 40.Nc3 Nb6 41.Nd5 Nxd5+ 42.cxd5+ Kf6 43.Rd7 Rc2
44.Rxd6+ Kg7 45.Rd8 Rxg2 46.Re8 Rg1 47.Rxe5 Kf8 48.Kf2  1-0

[Event "21st Schachtage"]
[Site "Hassloch GER"]
[Date "2006.06.03"]
[Round "3"]
[White "Weller,M"]
[Black "Mueller,HG"]
[Result "0-1"]
[WhiteElo "1810"]
[BlackElo "2224"]

1.e4 d6 2.d4 g6 3.Nc3 Bg7 4.Nf3 Bg4 5.Be3 Nc6 6.Be2 e5 7.dxe5 dxe5 8.O-O Nge7
9.h3 Bd7 10.Qd2 h6 11.Rad1 Be6 12.Qxd8+ Rxd8 13.Rxd8+ Kxd8 14.Rd1+ Kc8 15.a3 Rd8
16.Rxd8+ Kxd8 17.Na4 b6 18.b3 f5 19.Bd3 Na5 20.Bd2 Nac6 21.Bc3 Nd4 22.Bxd4 exd4
23.Nb2 c5 24.Nd2 Kc7 25.Kf1 Bd7 26.Ke2 b5 27.h4 a6 28.g3 Bc6 29.exf5 gxf5
30.Nd1 Kd6 31.Nb2 Bf6 32.a4 Ke6 33.Ke1 Nd5 34.axb5 axb5 35.Nd1 Bd8 36.Ke2 Ba5
37.Nf1 Nb6 38.Nd2 Nd7 39.Nb1 Ne5 40.Kf1 Nxd3 41.cxd3 Bf3 42.Nb2 Bc3  0-1

[Event "37th Olympiad w"]
[Site "Turin ITA"]
[Date "2006.06.03"]
[Round "12"]
[White "Houska,Jo"]
[Black "Heinatz,G"]
[Result "1/2-1/2"]
[WhiteElo "2378"]
[BlackElo "2277"]

1.e4 d6 2.d4 g6 3.Nc3 Bg7 4.Be3 c6 5.Qd2 Nd7 6.Nf3 b5 7.a3 a6 8.Rd1 Qc7 9.Bd3 e5
10.O-O Ngf6 11.dxe5 dxe5 12.Bh6 O-O 13.Ne2 Nc5 14.Ng3 Ne6 15.Bxg7 Kxg7 16.Qc3 Nd7
17.Be2 f6 18.Nh4 Nf4 19.Bg4 Rf7 20.Bxd7 Rxd7 21.Qf3 Rxd1 22.Rxd1 Be6 23.Ne2 Nxe2+
24.Qxe2 Rd8 25.Nf3 Bg4 26.h3 Rxd1+ 27.Qxd1 Bxf3 28.Qxf3 Qd6 29.Qc3 c5 30.Kh2 Qd4
31.Qxd4 exd4 32.f4  1/2-1/2

[Event "21st Schachtage"]
[Site "Hassloch GER"]
[Date "2006.06.04"]
[Round "5"]
[White "Merkel,M"]
[Black "Rosenberg,O"]
[Result "1/2-1/2"]
[WhiteElo "2207"]
[BlackElo "2084"]

1.e4 g6 2.d4 Bg7 3.Nc3 d6 4.f4 Nf6 5.a3 a6 6.Bd3 b6 7.e5 dxe5 8.dxe5 Ng4
9.Qf3 Ra7 10.Bd2 Nh6 11.Nge2 Bg4 12.Qg3 c5 13.f5 Bxf5 14.Qh4 Bxd3 15.Bxh6 Bxh6
16.Qxh6 Bxc2 17.O-O e6 18.Qg7 Rf8 19.Qxh7 Nc6 20.Nf4 Qd4+ 21.Kh1 Qxe5 22.Rae1 Rh8
23.Rxe5 Rxh7 24.Re2 Nd4 25.Ree1 Kd7 26.Rf2 Kc6 27.Rc1 Bf5 28.b4 c4 29.Ne4 b5
30.Nf6 Rh6 31.Rd1 e5 32.Ne2 Nxe2 33.Rxe2 g5 34.Ng8 Rd6 35.Rde1 f6 36.Rf2 Rg7
37.Nh6 Bd3 38.Ng4 Rg6 39.Kg1 e4 40.Ne3 Re6 41.Rf5 Re5 42.Rxe5 fxe5 43.Nf5 Rf6
44.g4 Kd5 45.Kf2 e3+ 46.Kxe3 Bxf5 47.gxf5 Rxf5 48.Rd1+ Ke6 49.Rd8 g4 50.Rg8 Rf3+
51.Ke4 c3 52.Re8+ Kd6 53.Rd8+ Ke7 54.Rc8 Kd7 55.Rc5 Kd6 56.Rd5+ Ke6 57.Rxe5+ Kd6
58.Rd5+  1/2-1/2

[Event "37th Olympiad w"]
[Site "Turin ITA"]
[Date "2006.06.04"]
[Round "13"]
[White "Milliet,S"]
[Black "Cedikova,K"]
[Result "1/2-1/2"]
[WhiteElo "2330"]
[BlackElo "2232"]

1.e4 g6 2.d4 d6 3.Nc3 Bg7 4.Be3 Nd7 5.Qd2 c6 6.Nf3 Ngf6 7.Bh6 O-O 8.Bxg7 Kxg7
9.Bd3 e5 10.O-O Qe7 11.Rfe1 Rd8 12.h3 Nh5 13.Ne2 Nf8 14.g4 Nf6 15.Ng3 c5
16.dxe5 dxe5 17.Qg5 Re8 18.Rad1 h6 19.Qe3 Ne6 20.Bb5 Nf4 21.Bxe8 Nxh3+ 22.Kf1 Nxg4
23.Qc3 Qxe8 24.Rd5 f6 25.Rxc5 Bd7 26.Rc7 Kh8 27.Rxb7 Bc6 28.Rc7 Bb5+ 29.Ne2 Nf4
30.a4 Qe6 31.axb5 Ne3+ 32.Kg1 Qg4+ 33.Ng3 Qxf3 34.Rc8+ Rxc8 35.Qxc8+ Kg7
36.Qd7+ Kg8 37.Qe8+ Kg7 38.Qe7+ Kg8 39.Qe8+  1/2-1/2

[Event "2nd Open"]
[Site "San Marino SMR"]
[Date "2006.06.05"]
[Round "1"]
[White "Efimenko,Z"]
[Black "De Santis,A"]
[Result "1-0"]
[WhiteElo "2648"]
[BlackElo "2337"]

1.e4 d6 2.d4 g6 3.Nc3 Bg7 4.Be3 Nd7 5.Qd2 a6 6.Nf3 h6 7.Bd3 e6 8.O-O-O Ne7
9.h4 b5 10.e5 d5 11.Ne2 c5 12.dxc5 Qc7 13.Kb1 Nc6 14.Rhe1 Ncxe5 15.Nxe5 Bxe5
16.f4 Bf6 17.Bd4 Bxd4 18.Nxd4 Qxc5 19.Bxg6 Nb6 20.Nxe6 Bxe6 21.Rxe6+ Kf8
22.Rf6 Kg7 23.b4 Qc4 24.Rxb6 fxg6 25.f5 gxf5 26.Re1 Ra7 27.Ree6 Rh7 28.Qe1 Qc7
29.Rg6+ Kf8 30.Qe6 Rf7 31.Rc6  1-0